000
00202nam a2200097Ia 4500
008
190216s9999||||xx |||||||||||||| ||und||
100
_a
Null
245
0
_a
Hindi-Nyay
260
_b
Dillon Pub
942
_c
BK
999
_c
18047
_d
18047